Normal view
MARC view
Entry Topical Term
001 - CONTROL NUMBER
- control field: 40163
003 - CONTROL NUMBER IDENTIFIER
- control field: OSt
005 - DATE AND TIME OF LATEST TRANSACTION
- control field: 20160224164626.0
008 - FIXED-LENGTH DATA ELEMENTS
- fixed length control field: 160224|| aca||aabn | a|a d
040 ## - CATALOGING SOURCE
- Original cataloging agency: OSt
- Transcribing agency: OSt
150 ## - HEADING--TOPICAL TERM
- Topical term or geographic name entry element: Engineering& Railroads
670 ## - SOURCE DATA FOUND
- Source citation: Work cat.: (OSt)28265: रामसागर मिश्र 40162, भारतीय रेल व्यवस्था एवं स्थापना, 1986









